Statistiques concernant Les étoiles les plus brillantes

Cliquez ici pour prendre le quiz!

Statistiques générales

  • Ce quiz a été pris 230 fois
  • Le résultat moyen est 8 sur 20

Statistiques - réponses

Magnitude apparenteEtoile% Correct
-1.47Sirius
77%
-26.63Soleil
77%
0.50 (variable)Bételgeuse
66%
0.03Véga
63%
-0.04 (variable)Arcturus
54%
0.12Rigel
49%
1.25Deneb
46%
0.85 (variable)Aldébaran
45%
0.77Altaïr
45%
1.09Antarès
42%
-0.27Alpha Centauri
36%
1.15Pollux
35%
0.38Procyon
28%
-0.72Canopus
25%
0.71Capella
25%
1.04Spica
20%
0.81Acrux
14%
0.60Hadar
13%
0.46Achernar
12%
1.16Fomalhaut
12%

Distribution des résultats

Percentile par nombre de réponses

% des personnes avec chaque résultat

Votre développement - résultats

Vous n’avez pas pris ce quiz